| 000 | nam a22 7a 4500 | ||
|---|---|---|---|
| 999 |
_c25012 _d25012 |
||
| 008 | 170130b xxu||||| |||| 00| 0 eng d | ||
| 020 | _a9780324168624 | ||
| 050 | _aHB 171.5 .M36 2004 | ||
| 100 | _aMankiw, N, Gregory | ||
| 245 |
_aPrinciples of Economics/ _cN.Gregory Mankiw |
||
| 250 | _a3rd ed. | ||
| 260 |
_aAustralia: _bThomson, _c2004. |
||
| 300 |
_axxxix,848p.: _bill.; _c27cm. |
||
| 521 | _aIncludes index. | ||
| 650 | _aEconomics. | ||
| 650 | _aMacroeconomics. | ||
| 942 |
_2lcc _cBOOKS _hHB 171.5 .M36 2004 |
||